1682 1883 1759 1825 1673 1333 1650 1048 1904 1928 1564 1235 1351 1322 1901 1880 1265 1379 1738 1131 1681 1663 1621 1609 1723 1808 1494 1832 1190 1314 1640 1672 1956 1929 1254 1104 1524 1265 1479 1670 1411 1489 1520 1751 1474 1801 1259 1018 1524 1909 1007 1713 1781 1677 1853 1462 1823 1169 1270 1052 1986 1858 1326 1460 1824 1628 1382 1362 1319 1422 1384 1436 1835 1549 1525 1850 1455 1756 1584 1631 1586 1238 1600 1130 1639 1091 1436 1230 1133 1375 1381 1169 1932 1618 1142 1923 1508 1696 1761 BCNSPRNW ULIB Ver.6.0+V

เปลี่ยนเป็นภาษาไทย

Change to English
 แสดงรายละเอียดบรรณานุกรม
  กลับหน้าหลัก

Brief Record : Get Marc (ISO 2709) : E-mail record : QR code < ปิดหน้าต่าง
LEADER : 00000nam 2200000uu 4500
001    13399111334
003     ULIB
008    110622s||||||||th 000 0 tha d
020    9749355822
050  4 BL535^bส195ช 2548
100 0  สนอง วรอุไร
245 10 ชีวิตหลังความตาย :^bชีวิตใหม่ที่ต้องเตรียมตัว /^cสนอง วรอุไร และ บรรจบ บรรณรุจิ
250    พิมพ์ครั้งที่ 1
260    กรุงเทพฯ :^bชมรมกัลยาณธรรม,^c2548
300    58 หน้า :^bภาพประกอบ ;^c18 ซม.
650  7 ความตาย^xแง่ศาสนา^xพุทธศาสนา^vคำถามและคำตอบ
650  7 ชาติหน้า^xแง่ศาสนา^xพุทธศาสนา^vคำถามและคำตอบ
650  7 ความตาย^xแง่ศาสนา^xพุทธศสานา^xปาฐกถา
650  7 การปฏิบัติธรรม^xปาฐกถา
700 0  บรรจบ บรรณรุจิ
945    ^p15^l0^i019521
945    ^p15^l0^i019507
945    ^p15^l0^i019395
995    ทศพร
999 ^a ใช้งานได้ทุกระบบ
รายการนี้ยังไม่มีแท็ก
คุณยังไม่ได้ล็อกอิน คุณสามารถมีกิจกรรมร่วมกับเว็บไซต์ได้ แต่ต้องล็อกอินก่อน ::
  ล็อกอิน

รายการสื่อสารสนเทศ

ลำดับที่ ประเภท เลขเรียก/บาร์โค้ด สถานที่ สถานะ
- ไม่พบข้อมูล -

รายการใกล้เคียง
    ผู้แต่ง [สนอง วรอุไร]

BibComment


ยังไม่เคยถูกคอมเมนท์

คอมเมนท์ทรัพยากรรายการนี้
  คอมเมนท์: ชีวิตหลังความตาย ..


 Copyright 2026. Bcnsprnw @Library